000 00556nam a22001937a 4500
005 20241206162038.0
010 _aENG-142875
020 _a9789385329630
_c650.00
035 _aEN-126407
037 _bDBAD
082 _a658.812
_21
100 _aMishra, Tushar Kant
_974827
245 _aOn Enhancing Life Satisfaction/
_cby Tushar Kant Mishra
250 _a1
260 _aDelhi
_bShree kala Prakashan
_c2022
270 _a42/43,U.B. Jawahar Nagar
_bDelhi
_e110007
300 _a159p.
_c23cm(pb)
942 _2ddc
_cEN
_h658.812
_mMIS
999 _c207479
_d207479